Statistics for Which Republic Country?

Click here to take the quiz!

General Stats

  • This quiz has been taken 10 times
  • The average score is 9 of 15

Answer Stats

QuestionAnswer% Correct
Was explored and claimed by Christopher Columbus?Dominican Republic
100%
Has the colors blue, white, and red on its flag?All of them
88%
Uses the koruna as its currency?Czech Republic
88%
Has more than one official language?Central African Republic
75%
Has the highest average elevation?Central African Republic
75%
Borders the most countries?Central African Republic
75%
Has English as an official language?None of them
75%
Has a star on its flag?Central African Republic
63%
Gained independence first?Dominican Republic
63%
Does not have the color green on its flag?Czech Republic
38%
Has the Parliament as its legislature?Czech Republic
38%
Has the largest population?Dominican Republic
38%
Gets the highest average precipitation?Dominican Republic
38%
Drives on the left side of the road?None of them
25%
Has the highest percentage of Christians?Central African Republic
0%

Score Distribution

Percentile by Number Answered

Percent of People with Each Score

Your Score History

You have not taken this quiz